000 00893 a2200241 4500
003 Nust
005 20220816170520.0
010 _a 2002021273
020 _a0071390251 (alk. paper)
040 _cNust
082 0 0 _a621.38203,BOT
100 1 _aBotto, Francis.
_967701
245 1 0 _aEncyclopedia of wireless telecommunications /
_cFrancis Botto.
260 _aBoston :
_bMcGraw-Hill,
_c2002.
300 _a1 v. (various pagings) :
_bill. ;
_c23 cm.
440 0 _aMcGraw-Hill telecommunications
_997508
500 _aIncludes index.
650 0 _aTelecommunication Engineering
856 4 2 _3Contributor biographical information
_uhttp://www.loc.gov/catdir/bios/mh041/2002021273.html
856 4 2 _3Publisher description
_uhttp://www.loc.gov/catdir/description/mh022/2002021273.html
856 4 2 _3Table of contents
_uhttp://www.loc.gov/catdir/toc/mh023/2002021273.html
942 _cREF
_2ddc
999 _c175740
_d175740